Every Zone 10 Tower - Statistics

General Stats
  • This quiz has been taken 9 times
  • The average score is 11 of 16
Answer Stats
Difficulty Tower % Correct
Challenging Tower of {Clandestine Zones}
100%
Remorseless Citadel of {Overcoming The World’s Imperfections}
75%
Extreme Tower of {Blast Power}
75%
Terrifying Tower of {Complexity and Volatility}
75%
Intense Tower of {Expecting The Unexpected}
75%
Intense Tower of {Mach Nine}
75%
Remorseless Tower of {One Two Three Four}
75%
Catastrophic Tower of {Raging Tempest}
75%
Insane Tower of {Rain on My World}
75%
Insane Tower of {Tee Hee Time}
75%
Remorseless Tower of {The Despondent Fortress}
75%
Challenging Tower of {Interstellar Terrarium}
50%
Remorseless Tower of {Power Laws}
50%
Remorseless Tower of {Prismatic Instability}
50%
Challenging Tower of {Valiant Verges}
50%
Challenging Tower of {Resonant Landscapes}
25%
No matching quizzes found
Score Distribution
Percent of People with Each Score
Percentile by Number Answered
Your Score History
You have not taken this quiz